STAZIONI VESUVIANA LINEA NAPOLI-SORRENTO - Statistics

Statistiche generali
  • Questo quiz è stato fatto 52 volte
  • Il punteggio medio è 6 su 16
Answers on the Grid
Answers color-coded by a green-red scale on the quiz's grid according to % correct below.
garibaldi
San pietro
boscoreale
cangiani
torre annunziata
castellammare
sant'agnello
pomigliano d'arco
botteghelle
madonelle
vesuvio de meis
villa regina
meta
Ercolano scavi
portici via libertà
san Giorgio cavalli di bronzo
centro direzionale
ottaviano
torre del greco
vico equense
argine
leopardi
villa delle ginestre
poggioreale
poggiomarino
Sant'Antonio
piano di sorrento
scafati
boscotrecase
trecase
 
Statistiche sulle risposte
Risposta % Corretto
garibaldi
65%
castellammare
61%
torre del greco
61%
Ercolano scavi
55%
meta
55%
sant'agnello
52%
vico equense
52%
torre annunziata
48%
portici via libertà
42%
piano di sorrento
39%
san Giorgio cavalli di bronzo
35%
villa regina
26%
leopardi
16%
trecase
16%
villa delle ginestre
16%
Sant'Antonio
10%
Nessun quiz corrispondente trovato
Distribuzione punteggi
Percentuale di utenti per punteggio
Percentile per numero di risposta
I tuoi punteggi nel tempo
Non hai fatto questo quiz